header

Red capitalists in China (Record no. 34239)

MARC details
000 -LEADER
fixed length control field 01541nam a22003734a 4500
082 04 - DEWEY DECIMAL CLASSIFICATION NUMBER
Classification number 324.251/075
100 1# - MAIN ENTRY--AUTHOR NAME
Personal name Dickson, Bruce J.
245 10 - TITLE STATEMENT
Title Red capitalists in China
260 ## - PUBLICATION, DISTRIBUTION, ETC. (IMPRINT)
Place of publication Cambridge, UK ;
-- New York :
Name of publisher Cambridge University Press,
Year of publication 2003.
300 ## - PHYSICAL DESCRIPTION
Number of Pages x, 187 p.
490 1# - SERIES STATEMENT
Series statement Cambridge modern China series
650 #0 - SUBJECT ADDED ENTRY--TOPICAL TERM
Topical Term Businessmen
Topical Term Entrepreneurship
856 40 - ELECTRONIC LOCATION AND ACCESS
Uniform Resource Identifier http://site.ebrary.com/lib/rucke/Doc?id=10073587

No items available.

© 2026 Rongo University
Contact us: librarian | system librarian | Rongo university